Southville International School and Colleges
Your cart is empty.
  • Cart
  • Lists
    Public lists Eva Luna New books Lux_list list_1
    Your lists Log in to create your own lists
  • Log in to your account
  • Your cookies
  • Search history
Southville International School and Colleges
  • Advanced search
  • Recent comments
  • Most popular
  • Libraries

Log in to your account

Log in with GOOGLE


If you do not have an external account, but do have a local account, you can still log in:

  1. Home
  2. MARC view: Business mathematics:
Normal view MARC view ISBD view

Business mathematics: (Record no. 354638)

[ view plain ]
MARC details
000 -LEADER
fixed length control field 01055nam a22002537a 4500
003 - CONTROL NUMBER IDENTIFIER
control field SISC
005 - DATE AND TIME OF LATEST TRANSACTION
control field 20180201103102.0
008 - FIXED-LENGTH DATA ELEMENTS--GENERAL INFORMATION
fixed length control field 180201b xxu||||| |||| 00| 0 eng d
050 ## - LIBRARY OF CONGRESS CALL NUMBER
Classification number HF 5691 .R49
100 ## - MAIN ENTRY--PERSONAL NAME
Personal name Rey, Mia P.
245 ## - TITLE STATEMENT
Title Business mathematics:
Remainder of title specialized subject academic-ABM /
Statement of responsibility, etc Mia P. Rey, Mark Adrian S. Asinas, Joy Cando-Asuncion, Lorna I. Paredes, Aurelio P. Ramos, Jr., Ma. Lailani B. Walo
260 ## - PUBLICATION, DISTRIBUTION, ETC. (IMPRINT)
Place of publication, distribution, etc Quezon City:
Name of publisher, distributor, etc Commission on Higher Education,
Date of publication, distribution, etc 2016.
300 ## - PHYSICAL DESCRIPTION
Extent 176 pages:
Other physical details illustrations;
Dimensions 28 cm.
440 ## - SERIES STATEMENT/ADDED ENTRY--TITLE
Title Teaching guide for senior high school
500 ## - GENERAL NOTE
General note This teaching guide by the Commissions on Higher Education is licensed under a Creative Commons Attribution-NonCommercial-ShareAlike 4.0 International License.
650 ## - SUBJECT ADDED ENTRY--TOPICAL TERM
Source of heading or term Library of Congress Subject Headings
Topical term or geographic name as entry element Business mathematics
700 ## - ADDED ENTRY--PERSONAL NAME
Personal name Asinas, Mark Adrian S.
700 ## - ADDED ENTRY--PERSONAL NAME
Personal name Cando-Asuncion, Joy
700 ## - ADDED ENTRY--PERSONAL NAME
Personal name Paredes, Lorna I.
700 ## - ADDED ENTRY--PERSONAL NAME
Personal name Ramos, Aurelio P.
700 ## - ADDED ENTRY--PERSONAL NAME
Personal name Walo, Ma. Lailani B.
942 ## - ADDED ENTRY ELEMENTS (KOHA)
Source of classification or shelving scheme Library of Congress Classification
Koha item type Books
Holdings
Withdrawn status Lost status Source of classification or shelving scheme Damaged status Home library Current library Shelving location Date acquired Source of acquisition Sub Shelving location Total Checkouts Full call number Barcode Date last seen Copy number Price effective from Koha item type
    Library of Congress Classification   Luxembourg Library Luxembourg Library Teachers Reference Section 02/01/2018 Donation     HF 5691 .R49 20499 02/01/2018 1 02/01/2018 Books

Business mathematics:

APA

Rey M. P., Asinas M. A. S., Cando-Asuncion J., Paredes L. I., Ramos A. P. & Walo M. L. B. (2016). Business mathematics. Quezon City: Commission on Higher Education.

Chicago

Rey Mia P, Asinas Mark Adrian S, Cando-Asuncion Joy, Paredes Lorna I, Ramos Aurelio P and Walo Ma Lailani B. 2016. Business mathematics. Quezon City: Commission on Higher Education.

Harvard

Rey M. P., Asinas M. A. S., Cando-Asuncion J., Paredes L. I., Ramos A. P. and Walo M. L. B. (2016). Business mathematics. Quezon City: Commission on Higher Education.

MLA

Rey Mia P, Asinas Mark Adrian S, Cando-Asuncion Joy, Paredes Lorna I, Ramos Aurelio P and Walo Ma Lailani B. Business mathematics. Quezon City: Commission on Higher Education. 2016.

  • Place hold
  • Print
  • Cite
  • Add to your cart (remove)
  • Save record
    BIBTEX Dublin Core MARCXML MARC (non-Unicode/MARC-8) MARC (Unicode/UTF-8) MARC (Unicode/UTF-8, Standard) MODS (XML) RIS
  • More searches
    Search for this title in:
    Other Libraries (WorldCat) Other Databases (Google Scholar) Online Stores (Bookfinder.com) Open Library (openlibrary.org)

Exporting to Dublin Core...

SOUTHVILLE LIBRARY

Southville International School and Colleges Library

1281 Tropical Ave. Cor. Luxembourg St., BF Homes International, Las Pinas City

Tel. No. 8256374 / 252358 Loc. 117/146

Powered by Koha